000 00579nam a22001935i 4500
001 53402
003 ES-MaACL
005 20250718083330.0
007 t|
008 950922s1900 sp ||||1| spa d
040 _aCAM
_bspa
_cCAM
100 1 _aEslava, Rafael G.
_947731
245 1 3 _aLa prostitución en Madrid
_b: apuntes para un estudio sociológico /
_cpor Rafael G. Eslava.
260 _aMadrid :
_bVicente Rico,
_c1900.
300 _a100 p. ;
_c18 cm.
650 1 4 _aProstitución-
_zMadrid-
_yS.XIX
_916511
852 _aES-MaACL
_jFol-Laf-212
999 _c53402
_d53402